| 000 | 01819nam a2200325Ia 4500 | ||
|---|---|---|---|
| 005 | 20220317001030.0 | ||
| 008 | 160825s2008 xx a g 000 0 spa | ||
| 020 | _a9789583003012 | ||
| 100 | 1 |
_aRomán, Celso _d1947- |
|
| 245 | 1 | 4 |
_aLas cosas de la casa _cCelso Román ; ilustrado por de Henry González |
| 250 |
_a1a. edición _b5a. reimpresión |
||
| 300 |
_a87 páginas _bilustraciones en color _c21 cm |
||
| 490 | _aLiteratura juvenil | ||
| 500 | _aIncluye datos biográficos | ||
| 505 | _aLos ladrillos -- Las tejas -- Las puertas -- Las chapas y las cerraduras -- Las ventanas -- Los colores de pintar la casa -- Los tapetes y las alfombras -- Los bombillos -- Los grandes muebles de sala -- Las lámparas de pie -- Las mesas; Los tiestos de la cocina -- Los recipientes de vidrio -- Los muebles de alcoba -- Las almohadas -- Los armarios |t Los anillos -- Los cinturones -- Las tijeras -- Los muebles del baño -- Los cepillos -- El fuego -- Las cosas de la casa | ||
| 650 | 1 | 4 |
_2LEMB _aCuentos infantiles colombianos _ySiglo XX |
| 650 | 1 | 4 |
_2LEMB _aLiteratura infantil colombiana _ySiglo XX |
| 650 | 1 | 4 |
_2LEMB _aCasas en la literatura |
| 650 | 1 | 4 |
_2LEMB _aFantasía en la literatura |
| 650 | 1 | 4 |
_2LEMB _aImaginación en la literatura |
| 700 | 1 |
_aGonzález, Henry _910755 |
|
| 740 |
_aLos ladrillos _aLas tejas _aLas puertas _aLas chapas y las cerraduras _aLas ventanas _aLos colores de pintar la casa _aLos tapetes y las alfombras _aLos bombillos _aLos grandes muebles de sala _aLas lámparas de pie _aLas mesas _aLos tiestos de la cocin |
||
| 942 |
_2loc _cBKINF |
||
| 264 |
_aBogotá _bPanamericana _c2008 |
||
| 336 |
_atexto _btxt _2rdacontent |
||
| 337 |
_asin mediación _bn _2rdamedia |
||
| 338 |
_avolumen _bnc _2rdacarrier |
||
| 040 |
_aCO-BoRNBP _bspa _erda _cCO-BoRNBP |
||
| 084 | _aC ROM1 | ||
| 999 |
_c5730 _d5730 |
||